Statistics for Odd Movie Quotes #1

Click here to take the quiz!

General Stats

  • This quiz has been taken 17 times
  • The average score is 4 of 16

Answer Stats

HintAnswer% Correct
"Freaking sharks with freaking laser beams on their heads!"Austin Powers
63%
"All work and no play makes Jack a dull boy."The Shining
63%
"I don't like sand."Attack of the Clones
44%
"Now go get your shine box."Goodfellas
44%
"I eat pieces of s*** like you for breakfast."Happy Gilmore
38%
"His name is Robert Paulson."Fight Club
31%
"Not quite my tempo."Whiplash
25%
"Too much sitting has ruined my body. Too much abuse has gone on for too long. From now on, there will be no bad food. No more pills. No more destroyers of my body."Taxi Driver
19%
"Gorlami."Inglourious Bastards
13%
"You ever heard of 'nam? You're entering a world of pain."The Big Lebowski
13%
"Wee-oo-wee-oo. Arnold Palmer alert. Arnold Palmer alert."The Other Guys
13%
"I get a clock radio, he gets a clock radio."Borat
6%
"I count 6 shots. I count 2 guns."Django Unchained
6%
"I feel like grabbing by your ears right now, and screaming in your face: 'I'm not f***ing interested.'"Nightcrawler
6%
"Who's the moustache with the broken nose?"The Batman
6%
"Where's your kid now, sheriff!?"Toy Story 3
6%

Score Distribution

Percentile by Number Answered

Percent of People with Each Score

Your Score History

You have not taken this quiz